|
|
|
|
| LEADER |
00000nab a2200000 ar4500 |
| 001 |
vtls010123327 |
| 003 |
SK-MaSNL |
| 005 |
20260426085704.0 |
| 008 |
250507c2010 xo ||||||||||||00 b|slo |
| 015 |
|
|
|a SNBRB2010/08
|2 snkbucl
|
| 035 |
|
|
|a (uuid)f3b7eb47-fdd6-4a13-9b26-c14e0f7238ad
|
| 035 |
|
|
|a urn:nbn:sk:snk-abac4v
|
| 035 |
|
|
|a (urnnbn)urn:nbn:sk:snk:ar-a0ad0x
|
| 038 |
|
|
|a SNKBUCL
|
| 040 |
|
|
|a SNKBUCL
|b slo
|c SNKBUCL
|e AACR2
|
| 041 |
0 |
|
|a slo
|
| 044 |
|
|
|a xo
|c SK
|
| 080 |
|
|
|a 656.073:658:340.13
|x (437.6)
|2 2001
|
| 080 |
|
|
|a 656.96:658:340.13
|x (437.6)
|2 2001
|
| 080 |
|
|
|a 656.1.025.4:658:340.13
|2 2001
|
| 080 |
|
|
|a 658:340.13
|x (437.6)
|2 2001
|
| 080 |
|
|
|a 340.13
|x (437.6)
|2 2001
|
| 100 |
1 |
|
|a Poliak, Miloš,
|d 1978-
|4 aut
|9 206888
|
| 245 |
1 |
0 |
|a Zasielateľstvo a cestná nákladná doprava bez koncesie
|b podmienky v medzinárodnej cestnej nákladnej doprave sa nemenia
|c Miloš Poliak
|
| 650 |
0 |
7 |
|a zasielateľstvo
|2 snkbucl
|9 14521
|
| 650 |
0 |
7 |
|a nákladná cestná doprava
|2 snkbucl
|9 72694
|
| 650 |
0 |
7 |
|a podnikanie
|2 snkbucl
|9 1757
|
| 650 |
0 |
7 |
|a legislatíva
|2 snkbucl
|9 121217
|
| 651 |
|
7 |
|a Slovensko
|2 snkbucl
|9 14231
|
| 773 |
0 |
|
|t Doprava a logistika
|g Roč. 5., č. 5 (2010), s. 30
|x 1337-0138
|
| 850 |
|
|
|a Slovenská národná knižnica
|
| 852 |
|
|
|a Slovenská národná knižnica
|
| 856 |
4 |
1 |
|u http://hnonline.sk/c1-44254650-zasielatelstvo-a-cestna-nakladna-doprava-bez-koncesie
|
| 954 |
|
|
|a odborná, vedecká literatúra pôvodná (slovenská)
|2 lita
|
| 958 |
|
|
|a article14
|
| 958 |
|
|
|a OND
|
| 958 |
|
|
|a SK
|
| 958 |
|
|
|a EUIPO
|
| 999 |
|
|
|c 2968859
|d 2970789
|